Informe social watch 2003: los pobres y el mercado. Informe 2003: un Informe internacional sobre el progreso hacia la erradicación de la pobreza y el logro de la igualdad de género
Este artículo aborda el tema del Objetivo 8 de los Objetivos de Desarrollo para el Milenio. Se propone que este objetivo no está bien detallado como para definir los objetivos y acciones necesarios en el ámbito de las finanzas internacionales, incluso los problemas de la deuda, los movimientos de ca...
Gorde:
| Erakunde egilea: | |
|---|---|
| Formatua: | Texto |
| Argitaratua: |
Montevideo:
ITeM
|
| Gaiak: | |
| Etiketak: |
Etiketa erantsi
Etiketarik gabe, Izan zaitez lehena erregistro honi etiketa jartzen!
|
MARC
| LEADER | 00000 a a2200000 04500 | ||
|---|---|---|---|
| 001 | 33044 | ||
| 003 | |||
| 040 | |||
| 090 | |a 204905 | ||
| 110 | |a Social Watch | ||
| 245 | |a Informe social watch 2003: los pobres y el mercado. Informe 2003: un Informe internacional sobre el progreso hacia la erradicación de la pobreza y el logro de la igualdad de género | ||
| 260 | |a Montevideo: |b ITeM | ||
| 520 | |a Este artículo aborda el tema del Objetivo 8 de los Objetivos de Desarrollo para el Milenio. Se propone que este objetivo no está bien detallado como para definir los objetivos y acciones necesarios en el ámbito de las finanzas internacionales, incluso los problemas de la deuda, los movimientos de capital y un sistema sano de financiación para el desarrollo. El paradigma emergente exige a los países en desarrollo que adopten una actitud programática hacia la globalización y liberalización para integrar sus economías nacionales a la economía mundial en las áreas de finanzas, comercio e inversión. Se argumenta que sin embargo, el sistema financiero en general -cada vez más caracterizado por la ausencia de reglamentos, transparencia o un conjunto justo de reglas que resuelvan los conflictos entre países deudores y acreedores- requiere una revisión | ||
| 650 | |a GLOBALIZACION | ||
| 650 | |a ESTILOS DE DESARROLLO | ||
| 650 | |a POLITICA DE DESARROLLO | ||
| 650 | |a LIBERALIZACION ECONOMICA | ||
| 650 | |a LIBERALIZACION DE MERCADOS FINANCIEROS | ||
| 650 | |a ADMINISTRACION PUBLICA | ||
| 650 | |a RECESION ECONOMICA | ||
| 999 | |c 13923 |d 13923 | ||
